[Event "World Blitz 2015"]
[Site "Berlin GER"]
[Date "2015.10.14"]
[Round "15.62"]
[White "Kunin, Vitaly"]
[Black "Papin, Vasily"]
[Result "1-0"]
[WhiteTitle "GM"]
[BlackTitle "GM"]
[WhiteElo "2556"]
[BlackElo "2502"]
[WhiteFideId "4128737"]
[BlackFideId "4143183"]
[EventDate "2015.10.13"]

1. d3 c5 2. Nf3 Nf6 3. e4 d5 4. Nbd2 g6 5. g3 Bg7 6. Bg2 O-O 7. O-O Nc6 8. c3 e5
9. a3 a5 10. a4 h6 11. exd5 Nxd5 12. Nc4 Re8 13. Re1 Bf5 14. Nh4 Be6 15. Qb3 Qc7
16. Bd2 Rab8 17. Rad1 Red8 18. Bc1 b6 19. Qc2 Bg4 20. Nf3 Re8 21. h3 Be6 22. Re2
f6 23. Rde1 Rbd8 24. Nh4 Bf7 25. f4 Ndb4 26. cxb4 Nxb4 27. Qb1 Nxd3 28. b3 Nxe1
29. Rxe1 e4 30. Bb2 f5 31. Bxg7 Kxg7 32. Qb2+ Kg8 33. Ne5 Qd6 34. Kh2 Re6 35.
Re2 Qd4 36. Qc2 Rxe5 37. fxe5 Qd3 38. e6 Be8 39. e7 Rd7 40. Qxd3 Rxd3 41. g4
Rxb3 42. gxf5 g5 43. Ng6 Kf7 44. Bxe4 Kf6 45. Bd5 Rd3 46. Bc4 Kxf5 47. Bxd3+ 1-0

[Event "World Blitz 2015"]
[Site "Berlin GER"]
[Date "2015.10.14"]
[Round "15.63"]
[White "Ehlvest, Jaan"]
[Black "Wagner, Dennis"]
[Result "0-1"]
[WhiteTitle "GM"]
[BlackTitle "GM"]
[WhiteElo "2535"]
[BlackElo "2575"]
[WhiteFideId "4500016"]
[BlackFideId "24650684"]
[EventDate "2015.10.13"]

1. Nf3 Nf6 2. c4 c5 3. Nc3 d5 4. cxd5 Nxd5 5. e3 Nxc3 6. bxc3 Qc7 7. Bc4 g6 8.
Qb3 e6 9. h4 h6 10. d4 Bg7 11. Ba3 b6 12. d5 exd5 13. Bxd5 Bb7 14. Qa4+ Kf8 15.
O-O-O Bxc3 16. h5 g5 17. Bxb7 Qxb7 18. Rd8+ Kg7 19. Rxh8 Kxh8 20. Qe8+ Kg7 21.
Ne5 Na6 22. Qd7 Qxd7 23. Nxd7 Nb4 24. Rd1 Rd8 25. Bxb4 cxb4 26. Kc2 f5 27. f4 g4
28. Kb3 b5 29. Kc2 a5 30. Rd6 a4 31. Rg6+ Kf7 32. Ne5+ Bxe5 33. fxe5 Re8 34.
Rxh6 Rxe5 35. Kd3 Rd5+ 36. Kc2 Rc5+ 37. Kb2 Rc3 38. Rh7+ Kf6 39. Rb7 a3+ 40. Kb1
Rxe3 41. Rxb5 Re1+ 42. Kc2 Re2+ 43. Kd3 Rxg2 44. Rxb4 Rxa2 45. h6 0-1

[Event "World Blitz 2015"]
[Site "Berlin GER"]
[Date "2015.10.14"]
[Round "15.64"]
[White "Hirneise, Tobias"]
[Black "Dlugy, Maxim"]
[Result "0-1"]
[WhiteTitle "IM"]
[BlackTitle "GM"]
[WhiteElo "2457"]
[BlackElo "2518"]
[WhiteFideId "24600881"]
[BlackFideId "2000075"]
[EventDate "2015.10.13"]

1. e4 d5 2. exd5 Qxd5 3. Nc3 Qd6 4. d4 c6 5. Nf3 Bg4 6. Be3 Nd7 7. h3 Bh5 8. Bc4
e6 9. Qe2 Ngf6 10. O-O-O Be7 11. Kb1 Nb6 12. Bb3 Nbd5 13. Nxd5 Nxd5 14. g4 Bg6
15. Ne5 a5 16. a3 a4 17. Ba2 Qc7 18. h4 b5 19. h5 Be4 20. Rhg1 Nxe3 21. fxe3 Bd6
22. Nd3 O-O-O 23. Rgf1 Rhf8 24. Ka1 Bd5 25. e4 Bxa2 26. Kxa2 e5 27. dxe5 Bxe5
28. Nxe5 Qxe5 29. Rxd8+ Rxd8 30. Qf3 Qe6+ 31. Kb1 f6 32. Qf5 Qxf5 33. exf5 Rd4
34. h6 Rxg4 35. hxg7 Rxg7 36. Re1 Rg5 37. Re6 Rxf5 38. Rxc6+ Kd7 39. Ra6 h5 40.
Kc1 Ke7 41. Kd2 Re5 42. b3 axb3 43. cxb3 h4 44. a4 bxa4 45. Rxa4 Rh5 46. Ra1 Ke6
47. Ke3 Rh8 48. Rh1 Kf5 49. Kf3 Kg5 50. Rg1+ Kh5 51. Kf4 Rb8 52. Kf5 Rxb3 53.
Kxf6 h3 54. Kf5 h2 55. Re1 Kh4 56. Kf4 Kh3 57. Rc1 Rg3 58. Rc8 Rg4+ 59. Ke3 h1=Q 0-1

[Event "World Blitz 2015"]
[Site "Berlin GER"]
[Date "2015.10.14"]
[Round "15.66"]
[White "Akopian, Vladimir"]
[Black "Svane, Rasmus"]
[Result "1-0"]
[WhiteTitle "GM"]
[BlackTitle "IM"]
[WhiteElo "2648"]
[BlackElo "2543"]
[WhiteFideId "13300032"]
[BlackFideId "4657101"]
[EventDate "2015.10.13"]

1. Nf3 d5 2. g3 Bg4 3. Bg2 e6 4. c4 c6 5. Qb3 Qb6 6. Qc2 Nf6 7. cxd5 exd5 8. O-O
Nbd7 9. d3 Be7 10. e4 dxe4 11. dxe4 O-O 12. Nc3 Rfe8 13. Be3 Qa5 14. Nd4 Bb4 15.
a3 Bxc3 16. bxc3 Nc5 17. f3 Be6 18. Nxe6 Nxe6 19. Qb3 b6 20. Qb4 Qa6 21. a4 Rad8
22. Rfe1 c5 23. Qb5 Qb7 24. a5 Nc7 25. Qe2 Qc6 26. axb6 axb6 27. Red1 h6 28. c4
Nh7 29. f4 Nf8 30. e5 Qe6 31. Rxd8 Rxd8 32. Ra7 Rd7 33. h4 Ng6 34. Kh2 Ne7 35.
Bf2 Nf5 36. Qa2 g6 37. Rb7 h5 38. Bg1 Nh6 39. Qe2 Ng4+ 40. Kh1 Nh6 41. Qb2 Ne8
42. Rxb6 Qg4 43. Qf2 Nf5 44. Kh2 Qd1 45. Rb8 Rd2 46. Rxe8+ Kg7 47. Qxc5 Rxg2+
48. Kxg2 Qe2+ 49. Bf2 Nxh4+ 50. gxh4 Qg4+ 51. Kh2 Qxf4+ 52. Bg3 Qd2+ 53. Qf2 1-0

[Event "World Blitz 2015"]
[Site "Berlin GER"]
[Date "2015.10.14"]
[Round "15.67"]
[White "Romanov, Evgeny"]
[Black "Bezold, Michael"]
[Result "0-1"]
[WhiteTitle "GM"]
[BlackTitle "GM"]
[WhiteElo "2573"]
[BlackElo "2509"]
[WhiteFideId "4148843"]
[BlackFideId "4601718"]
[EventDate "2015.10.13"]

1. c4 c5 2. Nf3 Nf6 3. d4 cxd4 4. Nxd4 e6 5. Nc3 a6 6. a3 b6 7. e4 Qc7 8. Bd3
Bb7 9. O-O Be7 10. Qe2 d6 11. f4 Nbd7 12. f5 e5 13. Nf3 O-O 14. Bg5 h6 15. Bh4
Rfe8 16. Rac1 Qd8 17. Bf2 Ng4 18. Be1 Ngf6 19. b4 Rc8 20. Bd2 Rc7 21. Nd5 Nxd5
22. cxd5 b5 23. Be3 Rxc1 24. Rxc1 Qb8 25. Nd2 Rc8 26. Nb3 Rxc1+ 27. Bxc1 Bd8 28.
Be3 Bc7 29. Qc2 Qd8 30. g3 Nf6 31. h3 Bb6 32. Qf2 Bxe3 33. Qxe3 Qc7 34. Na5 Bc8
35. Nc6 Bd7 36. Qa7 Qxa7+ 37. Nxa7 Kf8 38. Kf2 Ke7 39. Ke3 Kd8 40. a4 bxa4 41.
Bxa6 Kc7 42. Bc4 Kb6 43. Nc6 Bxc6 44. dxc6 Kxc6 45. Bxf7 Kb5 46. g4 Kxb4 47. Kf3
a3 48. Ba2 Kc3 49. h4 Kb2 50. Bc4 Kc3 51. Ba2 Kd4 52. g5 hxg5 53. hxg5 Nxe4 54.
Kg4 d5 55. Kh5 Kc5 56. Kg6 Kd6 57. f6 Nxf6 58. gxf6 gxf6 59. Kxf6 d4 0-1

[Event "World Blitz 2015"]
[Site "Berlin GER"]
[Date "2015.10.14"]
[Round "15.68"]
[White "Hausrath, Daniel"]
[Black "Seirawan, Yasser"]
[Result "1-0"]
[WhiteTitle "GM"]
[BlackTitle "GM"]
[WhiteElo "2503"]
[BlackElo "2620"]
[WhiteFideId "4617495"]
[BlackFideId "2000032"]
[EventDate "2015.10.13"]

1. Nf3 Nf6 2. g3 d5 3. Bg2 c6 4. c4 g6 5. b3 Bg7 6. Bb2 O-O 7. O-O Bg4 8. d3
Bxf3 9. Bxf3 e6 10. Nd2 Nbd7 11. Qc2 a5 12. a3 Qe7 13. e3 Ne8 14. d4 f5 15. Bc3
Nd6 16. b4 axb4 17. Bxb4 Nf6 18. Rab1 Rfd8 19. cxd5 exd5 20. Rb3 Nfe8 21. Rfb1
Qf7 22. Bg2 Bf8 23. Nf3 Nb5 24. Ne5 Qg7 25. Bxf8 Qxf8 26. Rxb5 cxb5 27. Rxb5 Nf6
28. Rxb7 Rxa3 29. h3 Ra1+ 30. Kh2 Rc8 31. Qb3 Ra5 32. Rf7 Qd6 33. Qb7 Rb8 34.
Rg7+ Kh8 35. Qf7 Rf8 1-0

[Event "World Blitz 2015"]
[Site "Berlin GER"]
[Date "2015.10.14"]
[Round "15.69"]
[White "Teske, Henrik"]
[Black "Schneider, Ilja"]
[Result "0-1"]
[WhiteTitle "GM"]
[BlackTitle "IM"]
[WhiteElo "2475"]
[BlackElo "2481"]
[WhiteFideId "4611500"]
[BlackFideId "4663306"]
[EventDate "2015.10.13"]

1. e4 e5 2. Nf3 d6 3. Nc3 Nf6 4. Bc4 Be7 5. d4 exd4 6. Nxd4 O-O 7. O-O Re8 8.
Re1 Bf8 9. Bg5 Nbd7 10. a4 c6 11. a5 Re5 12. Nf5 d5 13. Bd3 Nc5 14. f4 Nxd3 15.
Qxd3 Re8 16. e5 Bxf5 17. Qxf5 Qd7 18. Qd3 Bc5+ 19. Kh1 Ng4 20. Bh4 Bf2 21. Qh3
Bxe1 22. Rxe1 Qf5 23. Qf3 Nh6 24. Bg5 Qg4 25. Qf2 Nf5 26. Ne2 h6 27. h3 Qh5 28.
Kh2 hxg5 29. g4 Qh4 0-1

[Event "World Blitz 2015"]
[Site "Berlin GER"]
[Date "2015.10.14"]
[Round "15.70"]
[White "Halkias, Stelios"]
[Black "Richter, Michael"]
[Result "1-0"]
[WhiteTitle "GM"]
[BlackTitle "GM"]
[WhiteElo "2534"]
[BlackElo "2517"]
[WhiteFideId "4201809"]
[BlackFideId "4618920"]
[EventDate "2015.10.13"]

1. Nf3 d5 2. d4 e6 3. c4 c6 4. e3 f5 5. Bd3 Nf6 6. O-O Bd6 7. b3 Qe7 8. Bb2 O-O
9. Qc1 b6 10. Ba3 c5 11. cxd5 Nxd5 12. Nc3 Nxc3 13. Qxc3 Bb7 14. dxc5 bxc5 15.
Be2 Nc6 16. Rfd1 Nb4 17. Bb2 Rad8 18. a3 Nd5 19. Qa5 Ba8 20. Ne5 f4 21. e4 Nb6
22. f3 Bc7 23. Qc3 Rd4 24. Nd3 Nd7 25. Kh1 Bb6 26. b4 cxb4 27. Nxb4 e5 28. Qb3+
Kh8 29. Bxd4 Bxd4 30. Rac1 Be3 31. Rc7 Nc5 32. Rxe7 Nxb3 33. Rdd7 Nd4 34. Rxg7
Rc8 35. Rxh7+ Kg8 36. Rc7 Rb8 37. Bc4+ 1-0

[Event "World Blitz 2015"]
[Site "Berlin GER"]
[Date "2015.10.14"]
[Round "15.71"]
[White "Shabalov, Alexander"]
[Black "Kovalev, Vladislav"]
[Result "1-0"]
[WhiteTitle "GM"]
[BlackTitle "GM"]
[WhiteElo "2522"]
[BlackElo "2546"]
[WhiteFideId "2008572"]
[BlackFideId "13504398"]
[EventDate "2015.10.13"]

1. Nf3 Nf6 2. d4 g6 3. g3 Bg7 4. Bg2 O-O 5. O-O d5 6. Bf4 c6 7. Nbd2 Nbd7 8. c4
Nh5 9. Bg5 h6 10. Be3 e6 11. Rc1 f5 12. Bf4 Nxf4 13. gxf4 g5 14. e3 Qe7 15. Qb3
Nf6 16. Ne5 Nh5 17. fxg5 Bxe5 18. dxe5 Qxg5 19. f4 Qh4 20. Rf3 Qe7 21. Rh3 Ng7
22. Rxh6 Kf7 23. Nf3 Ke8 24. Ng5 Qc5 25. Kh1 b5 26. Rh7 bxc4 27. Rxg7 a5 28. Qd1
Qxe3 29. Rc3 Qxf4 30. Nh7 Rh8 31. Qh5+ Kd8 32. Qf7 1-0

[Event "World Blitz 2015"]
[Site "Berlin GER"]
[Date "2015.10.14"]
[Round "15.72"]
[White "Shchekachev, Andrei"]
[Black "Polzin, Rainer"]
[Result "1-0"]
[WhiteTitle "GM"]
[BlackTitle "GM"]
[WhiteElo "2531"]
[BlackElo "2416"]
[WhiteFideId "4107730"]
[BlackFideId "4610741"]
[EventDate "2015.10.13"]

1. Nf3 Nf6 2. c4 g6 3. Nc3 Bg7 4. e4 d6 5. d4 O-O 6. Be2 Na6 7. O-O e5 8. Be3
Ng4 9. Bg5 Qe8 10. h3 h6 11. Bc1 exd4 12. Nxd4 Nf6 13. Bd3 Nc5 14. Bc2 Qd8 15.
Re1 Re8 16. Bf4 Ne6 17. Be3 Nc5 18. Qf3 Nh7 19. Rad1 Ng5 20. Bxg5 Qxg5 21. Ndb5
Qd8 22. Nd5 Ne6 23. e5 a6 24. Ndxc7 Nxc7 25. Nxd6 Rf8 26. Nxb7 Bxb7 27. Qxb7 Qb8
28. Qxb8 Raxb8 29. b3 Rfd8 30. f4 Bf8 31. Kf2 Ne6 32. g3 Bc5+ 33. Kg2 Rd4 34.
Be4 Rbd8 35. Bd5 Nc7 36. Rxd4 Bxd4 37. Bb7 Bc5 38. Bf3 Rd2+ 39. Re2 Rxe2+ 40.
Bxe2 Kf8 41. Kf3 Ke7 42. Ke4 f5+ 43. exf6+ Kxf6 44. g4 g5 45. f5 a5 46. Bf1 Bg1
47. Be2 Bc5 48. Bd1 Ke7 49. Ke5 Bd6+ 50. Kd4 Na6 51. Bc2 Bb4 52. Bb1 Bd6 53. Kd5
Bb4 54. Ke5 Bc3+ 55. Kd5 Bb4 56. Kc6 Nc5 57. Kb5 Nd7 58. a3 Bxa3 59. Kxa5 Ne5
60. Kb5 Nf3 61. c5 Ng1 62. b4 Nxh3 63. Ka4 Bc1 64. b5 Nf2 65. b6 Bf4 66. Kb5
Nxg4 67. c6 Ne5 68. c7 Nd7 69. Kc6 Nxb6 70. Kxb6 Bxc7+ 71. Kxc7 g4 72. Be4 h5
73. Kc6 h4 74. Kd5 h3 75. Ke5 g3 76. f6+ 1-0

[Event "World Blitz 2015"]
[Site "Berlin GER"]
[Date "2015.10.14"]
[Round "15.73"]
[White "Rakhmanov, Aleksandr"]
[Black "Petursson, Margeir"]
[Result "1-0"]
[WhiteTitle "GM"]
[BlackTitle "GM"]
[WhiteElo "2637"]
[BlackElo "2520"]
[WhiteFideId "4173708"]
[BlackFideId "2300028"]
[EventDate "2015.10.13"]

1. c4 e5 2. Nf3 Nc6 3. d4 e4 4. Nfd2 f5 5. e3 Nf6 6. Nc3 Bb4 7. Qc2 O-O 8. d5
Ne5 9. a3 Be7 10. b4 a5 11. Rb1 d6 12. h3 c6 13. dxc6 bxc6 14. Be2 axb4 15. axb4
Be6 16. O-O d5 17. c5 d4 18. exd4 Qxd4 19. Nb3 Qd8 20. Rd1 Qb8 21. Nd4 Qc8 22.
Bf4 Ng6 23. Bh2 Bd5 24. b5 Bxc5 25. bxc6 Bxc6 26. Bc4+ Kh8 27. Ne6 Ba7 28. Nxf8
Qxf8 29. Bd5 Nxd5 30. Nxd5 Rc8 31. Qe2 Re8 32. Nf4 e3 33. f3 Ne5 34. Nd3 Nxf3+
35. gxf3 Bxf3 36. Qxf3 e2+ 37. Kg2 exd1=Q 38. Rxd1 Qa3 39. Rd2 h6 40. Nf4 Qc5
41. Re2 Rc8 42. Qg3 Qd4 43. Ng6+ Kh7 44. Ne7 Re8 45. Qg6+ Kh8 46. Qxe8+ Kh7 47.
Qg8# 1-0

[Event "World Blitz 2015"]
[Site "Berlin GER"]
[Date "2015.10.14"]
[Round "15.74"]
[White "Fedorchuk, Sergey A."]
[Black "Pham, Le Thao Nguyen"]
[Result "0-1"]
[WhiteTitle "GM"]
[BlackTitle "IM"]
[WhiteElo "2635"]
[BlackElo "2319"]
[WhiteFideId "14102536"]
[BlackFideId "12401226"]
[EventDate "2015.10.13"]

1. e4 e5 2. Nf3 Nc6 3. Bb5 a6 4. Ba4 Nf6 5. d3 Bc5 6. O-O d6 7. c3 b5 8. Bb3 O-O
9. Bg5 Bb6 10. Nbd2 h6 11. Bh4 Qe7 12. Re1 Be6 13. Bc2 Bg4 14. Nf1 Rfe8 15. Ne3
Bxe3 16. Rxe3 g5 17. Bg3 Nh5 18. h3 Bxf3 19. Qxf3 Nf4 20. Bh2 Qd7 21. Rd1 Ne7
22. Qg4 Qxg4 23. hxg4 Kg7 24. d4 f6 25. Kf1 Rh8 26. g3 Nfg6 27. Bg1 h5 28. gxh5
Rxh5 29. f3 Rah8 30. Kg2 g4 31. fxg4 Rg5 32. Kf3 Rh3 33. Rf1 Ng8 34. Bd1 Rh8 35.
Kg2 Nh6 36. Rf5 Nxf5 37. exf5 Ne7 38. Bf3 Kf8 39. Rd3 Rhg8 40. dxe5 fxe5 41. Ba7
Rxg4 42. Bxg4 Rxg4 43. Bb8 Nxf5 44. Rf3 Rg5 45. Bxc7 Ke7 46. Bb6 Nh4+ 47. Kf2
Nxf3 48. Kxf3 Rf5+ 49. Ke4 Rf1 50. Be3 Ke6 51. a3 Rb1 52. b4 Rb3 53. Kd3 Rxa3
54. g4 d5 55. Kc2 Ra2+ 56. Kb3 Rg2 57. g5 Rg3 58. Bd2 d4 59. Kc2 d3+ 60. Kb3 e4
61. Bf4 Rg4 62. Be3 Kf5 63. c4 bxc4+ 64. Kxc4 Rg3 65. Bc1 Rg2 66. Be3 Re2 67.
Kd4 d2 68. g6 d1=Q+ 0-1

[Event "World Blitz 2015"]
[Site "Berlin GER"]
[Date "2015.10.14"]
[Round "15.76"]
[White "Van Foreest, Jorden"]
[Black "Nielsen, Peter Heine"]
[Result "1-0"]
[WhiteTitle "IM"]
[BlackTitle "GM"]
[WhiteElo "2548"]
[BlackElo "2654"]
[WhiteFideId "1039784"]
[BlackFideId "1400355"]
[EventDate "2015.10.13"]

1. e4 e6 2. d4 d5 3. Nc3 Nf6 4. e5 Nfd7 5. f4 c5 6. Nf3 Nc6 7. Be3 Be7 8. Qd2 a6
9. dxc5 Nxc5 10. O-O-O Qa5 11. Kb1 b5 12. Nd4 Nxd4 13. Bxd4 b4 14. Ne2 Ne4 15.
Qe3 Rb8 16. Nc1 O-O 17. Bd3 Qc7 18. g4 a5 19. f5 exf5 20. gxf5 Bxf5 21. Rdg1 a4
22. Bxe4 Bxe4 23. Rxg7+ Kxg7 24. Qg3+ Kh8 25. e6+ f6 26. Qxc7 Rfe8 27. Rg1 1-0

[Event "World Blitz 2015"]
[Site "Berlin GER"]
[Date "2015.10.14"]
[Round "15.77"]
[White "Ernst, Sipke"]
[Black "Godena, Michele"]
[Result "0-1"]
[WhiteTitle "GM"]
[BlackTitle "GM"]
[WhiteElo "2527"]
[BlackElo "2513"]
[WhiteFideId "1004689"]
[BlackFideId "800090"]
[EventDate "2015.10.13"]

1. Nf3 d5 2. g3 Nc6 3. Bg2 e5 4. O-O Nf6 5. c4 dxc4 6. Qa4 Bd7 7. Qxc4 Bd6 8. d3
O-O 9. a3 Re8 10. Bg5 h6 11. Bxf6 Qxf6 12. Nbd2 Rab8 13. b4 a6 14. e3 Be6 15.
Qc2 Bd5 16. Ne1 Bxg2 17. Kxg2 Rbd8 18. Nef3 Qe6 19. Ne4 f5 20. Nc5 Bxc5 21. bxc5
e4 22. dxe4 fxe4 23. Nd2 Rd3 24. Rab1 Qd5 25. Rb2 Ne5 26. Rfb1 Rf8 27. Nf1 Rxa3
28. h3 Nd3 29. Rxb7 0-1

[Event "World Blitz 2015"]
[Site "Berlin GER"]
[Date "2015.10.14"]
[Round "15.78"]
[White "Ladva, Ottomar"]
[Black "Sanal, Vahap"]
[Result "1-0"]
[WhiteTitle "IM"]
[BlackTitle "IM"]
[WhiteElo "2423"]
[BlackElo "2501"]
[WhiteFideId "4500024"]
[BlackFideId "6300545"]
[EventDate "2015.10.13"]

1. d4 Nf6 2. c4 e6 3. Nc3 Bb4 4. Qc2 d5 5. cxd5 exd5 6. Bg5 O-O 7. e3 c5 8. Nf3
Nc6 9. dxc5 h6 10. Bxf6 Qxf6 11. Be2 d4 12. exd4 Nxd4 13. Nxd4 Qxd4 14. O-O Qxc5
15. Rac1 Bf5 16. Qa4 Qa5 17. Qxa5 Bxa5 18. Bf3 Rad8 19. Nd5 Be6 20. Rfd1 Rd7 21.
b4 Bd8 22. a3 Bg5 23. Ne3 Rfd8 24. Rxd7 Rxd7 25. Rd1 Rxd1+ 26. Bxd1 Kf8 27. g3
Bf6 28. Bf3 b6 29. Nd5 Bb2 30. a4 Bf5 31. Bd1 Be4 32. Bb3 Ke8 33. Kf1 Kd7 34.
Ke2 Kd6 35. Ne3 Ke7 36. Bd5 Bb1 37. Bb3 g6 38. Nd5+ Kd6 39. Ne3 Ke7 40. Nd5+ Kd6
41. Ne3 Bc3 42. b5 Kc5 43. Bxf7 Kb4 44. Nd5+ Kb3 45. Nxb6+ Ka3 46. Nc8 Kxa4 47.
Nxa7 Bd4 48. Nc6 Bb6 49. Ne5 g5 50. Be8 Bf5 51. Nf7 Bg6 52. Nd6 Bxe8 53. Nxe8
Kxb5 54. Nf6 Kc6 55. g4 Bd4 56. Ng8 Bg7 57. Ne7+ Kd7 58. Nf5 Bf8 59. Kd3 Ke6 60.
Ke4 Kf6 61. Kd5 h5 62. h3 hxg4 63. hxg4 Ba3 64. f3 Bc1 65. Ng3 Bf4 66. Nh5+ 1-0

[Event "World Blitz 2015"]
[Site "Berlin GER"]
[Date "2015.10.14"]
[Round "15.79"]
[White "Choukri, Adel"]
[Black "Stern, Rene"]
[Result "1/2-1/2"]
[WhiteTitle "CM"]
[BlackTitle "GM"]
[WhiteElo "2199"]
[BlackElo "2538"]
[WhiteFideId "9000399"]
[BlackFideId "4611799"]
[EventDate "2015.10.13"]

1. e4 e5 2. Nf3 Nc6 3. Bb5 a6 4. Ba4 Nf6 5. O-O Be7 6. d3 d6 7. h3 O-O 8. c4 Nd7
9. Nc3 Nc5 10. Bc2 Ne6 11. Be3 Ncd4 12. Nd5 Nxc2 13. Qxc2 Re8 14. Nxe7+ Qxe7 15.
b4 Qf6 16. Qb2 Nf4 17. Bxf4 Qxf4 18. Qd2 Qxd2 19. Nxd2 f5 20. Rac1 a5 21. b5 b6
22. f3 Be6 23. Nb1 Rf8 24. Nc3 fxe4 25. fxe4 Rad8 26. Rxf8+ Rxf8 27. Rf1 Rxf1+
28. Kxf1 Kf7 29. Kf2 Kf6 30. Kg3 Kg5 31. Nd1 h5 32. Ne3 h4+ 33. Kf3 g6 34. a4
Bf7 35. Nd5 Bxd5 36. cxd5 Kh5 37. Ke3 Kg5 38. Kf3 Kh5 39. Ke3 Kg5 1/2-1/2

[Event "World Blitz 2015"]
[Site "Berlin GER"]
[Date "2015.10.14"]
[Round "15.80"]
[White "Olafsson, Helgi"]
[Black "Kulon, Klaudia"]
[Result "1-0"]
[WhiteTitle "GM"]
[BlackTitle "WGM"]
[WhiteElo "2549"]
[BlackElo "2324"]
[WhiteFideId "2300010"]
[BlackFideId "1131044"]
[EventDate "2015.10.13"]

1. Nf3 Nf6 2. c4 c5 3. Nc3 d5 4. cxd5 Nxd5 5. d4 cxd4 6. Qxd4 Nxc3 7. Qxc3 Nc6
8. e4 a6 9. Be3 e6 10. a3 Be7 11. Rd1 Bd7 12. Be2 O-O 13. b4 Qc7 14. O-O Bf6 15.
e5 Be7 16. Bc5 Na7 17. Qd2 Ba4 18. Bd6 Qd7 19. Rc1 Bxd6 20. exd6 Rfd8 21. Rc7
Qxd6 22. Qxd6 Rxd6 23. Rxb7 Nb5 24. Ne5 Nxa3 25. Ra1 Bb5 26. Bxb5 axb5 27. Nxf7
Rd5 28. f4 Rf5 29. Ng5 Rxf4 30. Nxe6 Rxb4 31. Rxg7+ Kh8 32. Rb7 Rba4 33. Rf1 Nc4
34. Rff7 Ra1+ 35. Kf2 R8a2+ 36. Kg3 Ra3+ 37. Kh4 Ne5 38. Rf8# 1-0

[Event "World Blitz 2015"]
[Site "Berlin GER"]
[Date "2015.10.14"]
[Round "15.81"]
[White "Handke, Florian"]
[Black "Tari, Aryan"]
[Result "1-0"]
[WhiteTitle "GM"]
[BlackTitle "IM"]
[WhiteElo "2531"]
[BlackElo "2521"]
[WhiteFideId "4634527"]
[BlackFideId "1510045"]
[EventDate "2015.10.13"]

1. d4 Nf6 2. Nf3 d5 3. c4 e6 4. g3 dxc4 5. Bg2 Bb4+ 6. Bd2 c5 7. O-O O-O 8. dxc5
Bxc5 9. Qc2 Nbd7 10. Qxc4 b5 11. Qxb5 Rb8 12. Qd3 Rxb2 13. Bc3 Rb8 14. Nbd2 Bb7
15. Rab1 Qe7 16. Rb2 Bd5 17. Rfb1 Rxb2 18. Rxb2 Rc8 19. a4 h6 20. a5 e5 21. Nh4
Bxg2 22. Kxg2 e4 23. Qa6 Rd8 24. Nf5 Qe6 25. Qxe6 fxe6 26. Nd4 Kf7 27. Rb7 Nd5
28. Nc6 Rc8 29. Rxd7+ Ke8 30. Rxg7 Nxc3 31. Nxa7 Rd8 32. Rg8+ Bf8 33. Nc4 Kf7
34. Rg4 Rd5 35. Nc6 Rc5 36. a6 Rxc6 37. Ne5+ 1-0

[Event "World Blitz 2015"]
[Site "Berlin GER"]
[Date "2015.10.14"]
[Round "15.82"]
[White "Sumets, Andrey"]
[Black "Valdes Romero, Leonardo"]
[Result "1-0"]
[WhiteTitle "GM"]
[BlackTitle "IM"]
[WhiteElo "2583"]
[BlackElo "2362"]
[WhiteFideId "14105500"]
[BlackFideId "6500331"]
[EventDate "2015.10.13"]

1. e4 d6 2. d4 Nf6 3. Nc3 g6 4. f4 Bg7 5. Nf3 c5 6. dxc5 Qa5 7. Qd4 O-O 8. Bd2
Nfd7 9. Qe3 Qxc5 10. Bd3 Nc6 11. Qxc5 Nxc5 12. O-O-O Bg4 13. Nd5 Rfc8 14. Kb1
Be6 15. Rhe1 Kf8 16. Ng5 Bg4 17. Be2 Bxe2 18. Rxe2 Nd4 19. Ree1 h6 20. Nf3 Nxf3
21. gxf3 Na4 22. c3 e6 23. Ne3 Rc6 24. Bc1 b5 25. f5 g5 26. fxe6 fxe6 27. Rf1
Ke7 28. h4 gxh4 29. Rg1 Bf6 30. Ng4 Bg5 31. f4 Bf6 32. Nxh6 Rh8 33. Ng8+ Kf7 34.
Nxf6 Kxf6 35. Be3 Nb6 36. Bd4+ e5 37. fxe5+ dxe5 38. Rdf1+ Ke7 39. Rg7+ Ke8 40.
Bxe5 Nd7 41. Rxd7 Kxd7 42. Bxh8 Rh6 43. Be5 h3 44. Bh2 Rh4 45. e5 Ke6 46. Rf3 a5
47. Kc2 Kd5 48. Kd3 a4 49. b3 axb3 50. axb3 Rh5 51. Re3 Ke6 52. c4 bxc4+ 53.
bxc4 Rh7 54. Kc3 Ra7 55. Kb4 Rb7+ 56. Kc5 Rc7+ 57. Kb5 Rb7+ 58. Kc6 Rh7 59. c5
Rh8 60. Kb7 Rh7+ 61. Kb6 Kd5 62. e6 Rh4 63. e7 Rb4+ 64. Kc7 Rc4 65. Bd6 h2 66.
Rh3 h1=Q 67. Rxh1 Rh4 68. Rxh4 1-0

[Event "World Blitz 2015"]
[Site "Berlin GER"]
[Date "2015.10.14"]
[Round "15.83"]
[White "Ben Artzi, Ido"]
[Black "Rasmussen, Allan Stig"]
[Result "1/2-1/2"]
[WhiteTitle "IM"]
[BlackTitle "GM"]
[WhiteElo "2419"]
[BlackElo "2498"]
[WhiteFideId "2810913"]
[BlackFideId "1406000"]
[EventDate "2015.10.13"]

1. d4 d5 2. c4 dxc4 3. e3 Nf6 4. Bxc4 e6 5. Nf3 c5 6. O-O a6 7. Bb3 cxd4 8. exd4
Be7 9. Nc3 O-O 10. Bg5 Nc6 11. Qe2 Na5 12. Bc2 b5 13. Rad1 Bb7 14. Ne5 Rc8 15.
Qd3 g6 16. h4 b4 17. Bxf6 Bxf6 18. Na4 Bxe5 19. dxe5 Qxh4 20. Qe2 Qg5 21. f4
Qxg2+ 22. Qxg2 Bxg2 23. Rf2 Bd5 24. Nb6 Rc7 25. Nxd5 exd5 26. Rxd5 Nc4 27. Bb3
Ne3 28. Rd6 Rc1+ 29. Kh2 Ng4+ 30. Kg2 Nxf2 31. Kxf2 Rb1 32. Rxa6 Rxb2+ 33. Ke3
Kg7 34. Ra7 h5 35. e6 Kf6 36. exf7 h4 37. Ra6+ Kg7 38. Bd5 h3 39. f5 gxf5 40.
Kf4 h2 41. Kg5 Rxf7 42. Rg6+ Kf8 43. Rh6 Rg7+ 44. Kf6 Rbg2 45. Rh8+ Rg8 46. Bxg8
Rxg8 47. Rxh2 Rg3 48. Rh8+ Rg8 49. Rh2 Rg3 50. Rh8+ Rg8 51. Rh2 1/2-1/2

[Event "World Blitz 2015"]
[Site "Berlin GER"]
[Date "2015.10.14"]
[Round "15.84"]
[White "Przybylski, Wojciech"]
[Black "Carow, Johannes"]
[Result "1-0"]
[WhiteTitle "FM"]
[BlackTitle "FM"]
[WhiteElo "2354"]
[BlackElo "2431"]
[WhiteFideId "1117599"]
[BlackFideId "24692050"]
[EventDate "2015.10.13"]

1. e4 c5 2. Nf3 e6 3. b3 d6 4. Bb2 Nf6 5. Qe2 Be7 6. d4 cxd4 7. Nxd4 O-O 8. Nd2
Nc6 9. O-O-O Qa5 10. Kb1 d5 11. e5 Nd7 12. N2f3 a6 13. Qe1 Qc7 14. Bd3 Nb4 15.
Qc3 Qxc3 16. Bxc3 Nc6 17. Rhe1 Nc5 18. Bb2 Bd7 19. Ne2 Rfc8 20. a3 b5 21. Nc1
Rab8 22. Ng1 a5 23. f4 a4 24. b4 Nxd3 25. cxd3 Rc7 26. Nf3 Rbc8 27. Re2 Na7 28.
Nd4 g6 29. Rdd2 h5 30. Rc2 Kf8 31. Rxc7 Rxc7 32. Rc2 Rxc2 33. Kxc2 Bd8 34. Nde2
Nc8 35. Na2 Bb6 36. Bd4 Bd8 37. Nac3 Bc6 38. Bc5+ Ke8 39. Nd4 Bd7 40. Ncxb5 f6
41. Nc3 fxe5 42. fxe5 Bg5 43. Nf3 Bd8 44. d4 g5 45. Ne1 g4 46. Nd3 Kf7 47. Nb2
h4 48. Nbxa4 Bg5 49. Kd3 Bf4 50. h3 gxh3 51. gxh3 Kg6 52. Nb6 Nxb6 53. Bxb6 Bc1
54. a4 Ba3 55. b5 Kf5 56. Bd8 Kf4 57. Bxh4 Kf3 58. Bd8 Kg3 59. h4 Kg4 60. a5 Bb4
61. b6 1-0